000 00527nam a2200181Ia 4500
005 20250508163553.0
008 008 250505s9999 xx 000 0 eng d
037 _aTextual
040 _aFEDL
_beng
_cFEDL
041 _aeng
_2eng
084 _a323.1, BAS
_qFEDL
100 _aBasu Sajal
245 0 _aJharkhand movement ethnicity and culture of silence
260 _aShimla, India
_bIndian Institute of Advanced Study
_c1994
300 _axi,162p.
942 _cTEXL
_h323.1, BAS
999 _c1384144
_d1384144